Sehenswürdigkeiten in Berlin - Statistiken

Allgemein
  • Dieses Quiz wurde 160 mal gespielt
  • Das Durchschnittsergebnis liegt bei 10 aus 16
Antwortstatistiken
Bildquiz Antwort % Korrekt
Brandenburger Tor
99%
Berliner Fernsehturm
96%
Reichstag
95%
Siegessäule
82%
Berlin Hauptbahnhof
79%
Checkpoint Charlie
77%
East Side Gallery
74%
Rotes Rathaus
70%
Berliner Dom
67%
Bundeskanzleramt
57%
Museumsinsel
51%
Kaiser-Wilhelm-Gedächtniskirche
49%
Weltzeituhr
45%
Zoologischer Garten Berlin
36%
Molecule Man
11%
Buddy Bär
6%
Keine übereinstimmenden Quizze gefunden
Verteilung der Resultate
Anzahl Personen mit jedem Resultat
Perzentil nach korrekt beantworteten Fragen
Ihre Resultats-Entwicklung
Sie haben dieses Quiz noch nicht gespielt